000 00415nam a2200181Ia 4500
008 100917s9999 xx 000 0 und d
082 _b39155
100 _aCieil Hernry
245 _aNatulal Studies Causes
260 _bChapman and Hall
_c---
300 _a251
365 _b0
520 _a---
630 _aNatulal Studies Causes
650 _a---
730 _aNatulal Studies Causes
942 _cBOOK
999 _c644549
_d644546